Statistiques concernant Culture Pop par lettre - B

Cliquez ici pour prendre le quiz!

Statistiques générales

  • Ce quiz a été pris 3 215 fois
    (2 359 depuis la dernière actualisation)
  • Le résultat moyen est 12 sur 15

Statistiques - réponses

CatégorieIndiceRéponse% Correct
Dessin animéIl vit dans un ananas dans la merBob l'éponge
99%
Film d'animationDans les films d'animation "Toy Story", quel personnage répète "Vers l'infini et au delà" ?Buzz l'éclair
97%
ComicsL'alias de Bruce Wayne, veillant sur la ville de GothamBatman
96%
JouetCélèbre poupée commercialisée par MattelBarbie
95%
SérieComplétez le titre de cette série avec Will Smith : "Le Prince de B........"Bel-Air
93%
SériePour réunir de l'argent pour subvenir aux besoins de sa famille, Walter White, professeur de chimie, commence à fabriquer du crystal methBreaking Bad
92%
Film d'animationPremier long métrage des studios DisneyBlanche Neige et les Sept Nains
87%
FilmFilm français de Philippe Lacheau, où Franck est chargé de garder le fils de son patron le jour de ses 30 ansBabysitting
83%
SérieSérie dystopique mettant en avant les nouvelles technologies et leurs conséquences possibles sur la sociétéBlack Mirror
75%
ArtisteArtiste anonyme mondialement connu pour son art urbainBanksy
72%
Famille célèbreLui est un ancien footballeur international et elle était surnommée Posh SpiceBeckham
67%
Personnage célèbreQui commande toujours : "Une vodka-Martini. Mélangée au shaker, pas à la cuillère."James Bond
64%
CélébritéNé Daniel Farid Hamidou, acteur, humoriste et réalisateur du Nord de la FranceDany Boon
62%
LieuLa capitale de la bande dessinée avec AngoulèmeBruxelles
45%
MusiqueTitre de la chanson qui commence par : "Nice to meet you, Where you been? I could show you, Incredible things"Blank Space
24%

Distribution des résultats

Percentile par nombre de réponses

% des personnes avec chaque résultat

Votre développement - résultats

Vous n’avez pas pris ce quiz depuis la dernière actualisation